[Event "Voronezh RUS"]
[Site "?"]
[Date "2005.06.18"]
[Round "6"]
[White "Smirnov Alexey"]
[Black "Chernyshov Konstantin"]
[Result "1/2-1/2"]
[WhiteElo "2335"]
[BlackElo "2531"]
[PlyCount "105"]
[EventDate "2005.??.??"]
[Source "www.chesslib.no"]
[SourceDate "2004.05.04"]

1. e4 g6 2. d4 Bg7 3. Nf3 d6 4. c4 Bg4 5. Nc3 Bxf3 6. gxf3 c5 7. d5 Nd7 8. f4 a6 9. Be3 Qa5 10. Qd2 Ngf6 11. f3 O-O 12. a4 Nh5 13. Ra3 Nb6 14. Nd1 Qxd2+ 15. Kxd2 Rab8 16. a5 Na8 17. Bd3 Nc7 18. b4 cxb4 19. Rb3 Bh6 20. f5 Bxe3+ 21. Nxe3 b6 22. Rxb4 bxa5 23. Rxb8 Rxb8 24. Ra1 Nf6 25. fxg6 hxg6 26. Rxa5 Nd7 27. f4 Kg7 28. h4 Nc5 29. Bc2 Rh8 30. Ng2 Na8 31. Kc3 Nb6 32. Kd4 f6 33. e5 fxe5+ 34. fxe5 Rf8 35. exd6 exd6 36. Rxc5 dxc5+ 37. Kxc5 Nd7+ 38. Kd6 Rf2 39. Ne3 Nf6 40. Ke5 Rf3 41. Nd1 Rh3 42. c5 Rxh4 43. Ne3 Rh3 44. Kd4 Rxe3 45. Kxe3 Nxd5+ 46. Kd4 Ne7 47. Bd3 Nc6+ 48. Kd5 Nb4+ 49. Kd6 a5 50. c6 Nxc6 51. Kxc6 a4 52. Kb5 a3 53. Bc4 1/2-1/2

[Event "Eikrem mem"]
[Site "Gausdal"]
[Date "1996.??.??"]
[Round "5"]
[White "Ivanov, Mikhail M"]
[Black "Hillarp Persson, Tiger"]
[Result "1-0"]
[WhiteElo "2465"]
[BlackElo "2400"]
[PlyCount "89"]
[EventDate "1996.08.??"]
[Source "ChessBase"]

1. Nf3 d6 2. d4 g6 3. c4 Bg7 4. e4 Bg4 5. d5 e5 6. Nc3 Nd7 7. h3 Bxf3 8. Qxf3 Ne7 9. g4 c6 10. h4 Qb6 11. h5 O-O 12. Qh3 cxd5 13. cxd5 Rfc8 14. hxg6 Nxg6 15. Qxh7+ Kf8 16. Bh6 Bxh6 17. Qxh6+ Ke7 18. Qd2 Rh8 19. Rxh8 Rxh8 20. f3 Nf4 21. O-O-O Nc5 22. Kb1 Qb4 23. Qc2 a6 24. Qf2 Qa5 25. Qc2 b5 26. Rc1 b4 27. Nd1 Qb6 28. Ne3 b3 29. axb3 Nxb3 30. Qc7+ Qxc7 31. Rxc7+ Kd8 32. Ra7 Rh1 33. Ka2 Nc1+ 34. Ka3 Rg1 35. Bxa6 Rg3 36. Nc4 Rxf3+ 37. Ka4 Ncd3 38. Ra8+ Ke7 39. Ra7+ Kf6 40. b4 Ne2 41. Nxd6 Nb2+ 42. Ka5 Ra3+ 43. Kb6 Na4+ 44. Kb7 Nd4 45. Bb5 1-0

[Event "Open Mediterranean 2013"]
[Site "Fiume CRO"]
[Date "2007.11.26"]
[Round "3.6"]
[White "Ramesa, Davor"]
[Black "Jovanovic, Zoran"]
[Result "1/2-1/2"]
[WhiteElo "2308"]
[BlackElo "2549"]
[PlyCount "111"]
[EventDate "2007.11.25"]
[Source "www.chesslib.no"]
[SourceDate "2004.05.04"]

1. Nf3 d6 2. d4 g6 3. c4 Bg7 4. e4 Bg4 5. Be2 Bxf3 6. Bxf3 Nc6 7. d5 Nd4 8. O-O c5 9. Nc3 Nf6 10. g3 a6 11. Bg2 b5 12. cxb5 axb5 13. Be3 Nd7 14. a3 O-O 15. Rb1 Qb6 16. b4 Rxa3 17. bxc5 dxc5 18. Bxd4 cxd4 19. Nxb5 Ra5 20. Na3 Qc5 21. Nc2 Ra4 22. Ne1 Ra3 23. f4 Qc4 24. Rc1 Rc3 25. Rxc3 dxc3 26. e5 Rd8 27. Rf3 Nc5 28. Re3 Na4 29. Nc2 Qb3 30. Qd3 Qb1+ 31. Re1 Qb6+ 32. Qd4 Qb3 33. Be4 Nb6 34. Ne3 Nd7 35. Rb1 Qa3 36. Nc2 Qa5 37. Ra1 Qc7 38. Ra7 Qc5 39. Ra3 Rc8 40. Qxc5 Rxc5 41. Ra8+ Bf8 42. Kf2 Kg7 43. Ke3 Nb6 44. Rd8 Rc7 45. Kd3 Na4 46. Kd4 Nc5 47. Rb8 Na4 48. Rb4 Nb2 49. Rb3 Rc4+ 50. Ke3 Rc7 51. Bf3 Nc4+ 52. Ke2 Nd2 53. Rb5 Nc4 54. Rb3 Nd2 55. Rb5 Nc4 56. Rb3 1/2-1/2

[Event "Festival - Open A"]
[Site "Trieste ITA"]
[Date "2008.09.05"]
[Round "7"]
[White "Scalcione, Michelangelo"]
[Black "Simutowe, Amon"]
[Result "1/2-1/2"]
[WhiteElo "2398"]
[BlackElo "2459"]
[PlyCount "22"]
[EventDate "2008.??.??"]
[Source "www.chesslib.no"]
[SourceDate "2004.05.04"]

1. Nf3 g6 2. c4 Bg7 3. e4 d6 4. d4 Bg4 5. Be2 Nc6 6. Be3 e5 7. d5 Bxf3 8. Bxf3 Nd4 9. Bxd4 exd4 10. Nd2 Ne7 11. O-O O-O 1/2-1/2

[Event "Beersheba zt"]
[Site "Beer Sheba ISR"]
[Date "1985.??.??"]
[Round "5"]
[White "Eng, Holger"]
[Black "Lobron, Eric"]
[Result "1-0"]
[WhiteElo "2345"]
[BlackElo "2505"]
[PlyCount "81"]
[EventDate "1985.??.??"]
[Source "www.chesslib.no"]
[SourceDate "2004.05.04"]

1. Nf3 g6 2. e4 Bg7 3. d4 d6 4. c4 Bg4 5. d5 Nd7 6. Be2 Ngf6 7. Nc3 O-O 8. Be3 c6 9. O-O Bxf3 10. Bxf3 Qa5 11. a3 Rfc8 12. Be2 a6 13. b4 Qd8 14. Rc1 Rc7 15. f3 Rac8 16. Qd2 cxd5 17. Nxd5 Nxd5 18. Qxd5 Rc6 19. Rfd1 R8c7 20. a4 Rc8 21. c5 Bb2 22. Rb1 Bg7 23. b5 axb5 24. axb5 Rxc5 25. Bxc5 Nxc5 26. b6 Be5 27. Rb5 Qf8 28. g3 e6 29. Qd2 f5 30. exf5 Qxf5 31. f4 Bf6 32. Bf3 g5 33. Bxb7 Rf8 34. Bg2 gxf4 35. gxf4 Qg4 36. b7 Ne4 37. Qe1 Bh4 38. Qf1 Bf2+ 39. Kh1 Ng3+ 40. hxg3 Qh5+ 41. Rxh5 1-0

[Event "Buenos Aires Konex"]
[Site "Buenos Aires ARG"]
[Date "1991.??.??"]
[Round "3"]
[White "Quinteros, Miguel A"]
[Black "Fulgenzi, Ernesto"]
[Result "0-1"]
[WhiteElo "2505"]
[BlackElo "2335"]
[PlyCount "88"]
[EventDate "1991.03.??"]
[Source "www.chesslib.no"]
[SourceDate "2004.05.04"]

1. d4 g6 2. c4 Bg7 3. e4 d6 4. Nf3 Bg4 5. Nc3 Nc6 6. Be3 e5 7. d5 Nd4 8. Nb5 c5 9. dxc6 bxc6 10. Nbxd4 exd4 11. Bxd4 Bxf3 12. gxf3 Qa5+ 13. Ke2 Nf6 14. Bc3 Qc7 15. Kd2 O-O 16. Kc2 d5 17. e5 Nh5 18. cxd5 Bxe5 19. d6 Bxd6 20. Qd4 f6 21. Bc4+ Kg7 22. Rae1 Rfe8 23. Rxe8 Rxe8 24. Rd1 Bxh2 25. Bb4 Be5 26. Qd7+ Qxd7 27. Rxd7+ Kh8 28. Rxa7 Nf4 29. Rf7 h5 30. Bd2 Ne6 31. Be3 h4 32. Bf1 Nd4+ 33. Bxd4 Bxd4 34. b4 Re1 35. Bd3 f5 36. Rd7 Bf6 37. Rd6 Kg7 38. Rd7+ Kh6 39. Rd6 Be5 40. Rxc6 h3 41. Bxf5 h2 42. Rxg6+ Kh5 43. f4 Bxf4 44. Rg8 h1=Q 0-1

[Event "It (Open) Verona ITA"]
[Site "?"]
[Date "2006.01.03"]
[Round "2"]
[White "Stojanovic Mihajlo"]
[Black "Mrdja Milan"]
[Result "1/2-1/2"]
[WhiteElo "2522"]
[BlackElo "2313"]
[PlyCount "171"]
[EventDate "2006.??.??"]
[Source "www.chesslib.no"]
[SourceDate "2004.05.04"]

1. Nf3 g6 2. d4 Bg7 3. e4 d6 4. c4 Bg4 5. Be2 Nc6 6. Nbd2 Nf6 7. d5 Nb8 8. Rb1 O-O 9. b4 c6 10. O-O a5 11. a3 axb4 12. axb4 Nbd7 13. Qb3 c5 14. Ba3 cxb4 15. Bxb4 Qc7 16. Rfe1 Bxf3 17. Qxf3 Ra7 18. Qe3 Rfa8 19. f4 b6 20. Nb3 Nc5 21. Nd4 Ra4 22. Nb5 Qc8 23. Bd1 Rxb4 24. Rxb4 Nd3 25. Qxd3 Qc5+ 26. Kf1 Qxb4 27. Qb3 Qc5 28. Bf3 Nd7 29. g3 Qc8 30. Kg2 Nc5 31. Qc2 Ra4 32. e5 Qa6 33. exd6 exd6 34. Re8+ Bf8 35. Qc3 Ra2+ 36. Re2 Rxe2+ 37. Bxe2 Qa2 38. Qe3 Qb2 39. h4 h5 40. f5 Qf6 41. fxg6 fxg6 42. Nc7 Kh7 43. Qf3 Qe7 44. Nb5 Bg7 45. Bd3 Qe5 46. Bc2 Bf6 47. Nxd6 Qxd6 48. Qxh5+ Kg8 49. Qxg6+ Kf8 50. Qh6+ Ke7 51. Qh7+ Kd8 52. Qg8+ Ke7 53. Bg6 Qd8 54. Qxd8+ Kxd8 55. Kh3 Ke7 56. g4 Nd7 57. g5 Bc3 58. Bd3 Ne5 59. Be2 Bd2 60. Kg3 Kf7 61. Bh5+ Kg7 62. Be2 Kg6 63. d6 Kf5 64. d7 Bf4+ 65. Kh3 Nf7 66. Bd3+ Ke6 67. Bg6 Nd8 68. Kg4 Bd2 69. Bf5+ Ke7 70. g6 Bh6 71. Kf3 Nb7 72. Kg4 Nd6 73. Be6 Nb7 74. Kh5 Bg7 75. Bd5 Nc5 76. d8=Q+ Kxd8 77. Kg5 Ke7 78. h5 Ne6+ 79. Kf5 Nd4+ 80. Kg5 Ne6+ 81. Kf5 Nc7 82. Bf7 Bh6 83. Ke5 Na6 84. Kd4 Bg7+ 85. Ke4 Nb4 86. Kf5 1/2-1/2

[Event "KNSB TCh-NED 2007-8"]
[Site "Netherlands NED"]
[Date "2007.11.24"]
[Round "4"]
[White "Chuchelov, V."]
[Black "Pel, B."]
[Result "1-0"]
[WhiteElo "2544"]
[BlackElo "2280"]
[PlyCount "67"]
[EventDate "2007.09.15"]
[Source "www.chesslib.no"]
[SourceDate "2004.05.04"]

1. Nf3 g6 2. e4 d6 3. c4 Bg7 4. d4 Bg4 5. Be2 Nc6 6. Be3 e5 7. d5 Bxf3 8. Bxf3 Nd4 9. Bxd4 exd4 10. Nd2 Ne7 11. O-O c5 12. Be2 O-O 13. Bd3 Qd7 14. Nf3 a6 15. Rb1 b5 16. b4 Rfb8 17. bxc5 dxc5 18. Qe2 Re8 19. Qc2 b4 20. g3 Nc8 21. h4 Nd6 22. Rbe1 f6 23. Kg2 Nf7 24. h5 Ne5 25. hxg6 hxg6 26. Nh4 Qf7 27. f4 Ng4 28. e5 f5 29. Nxg6 Ne3+ 30. Rxe3 dxe3 31. Bxf5 a5 32. Nh4 a4 33. Bh7+ Kh8 34. Ng6+ 1-0

[Event "FS GM Aug"]
[Site "Budapest"]
[Date "2004.08.17"]
[Round "11"]
[White "Seres, Lajos"]
[Black "Manca, Federico"]
[Result "1-0"]
[WhiteElo "2448"]
[BlackElo "2366"]
[PlyCount "67"]
[EventDate "2004.08.07"]
[Source "Roberto Alvarez"]
[SourceDate "2004.08.24"]

1. d4 g6 2. c4 Bg7 3. Nf3 d6 4. e4 Bg4 5. Be2 Bxf3 6. Bxf3 e5 7. d5 Ne7 8. Nc3 O-O 9. h4 h6 10. h5 g5 11. Bg4 c5 12. Qd3 Nd7 13. O-O Nf6 14. f3 Nxg4 15. fxg4 Qd7 16. Qe2 a6 17. a3 Rab8 18. Be3 b6 19. b4 Rb7 20. Rfb1 Nc8 21. a4 Bf6 22. Rb3 Be7 23. Rab1 cxb4 24. Rxb4 Rc7 25. Kh2 Kg7 26. Bxb6 Nxb6 27. Rxb6 Rfc8 28. Rxa6 Rxc4 29. Nb5 Rc1 30. Rxc1 Rxc1 31. Ra7 Qd8 32. Qf2 Bf6 33. Qf5 Qb6 34. Qg6+ 1-0

[Event "Ron Banwell Masters, London ENG"]
[Site "?"]
[Date "2001.??.??"]
[Round "6"]
[White "Buckley, G."]
[Black "McNab, C."]
[Result "1-0"]
[WhiteElo "2370"]
[BlackElo "2435"]
[PlyCount "113"]
[EventDate "2001.??.??"]
[Source "www.chesslib.no"]
[SourceDate "2004.05.04"]

1. d4 d6 2. Nf3 g6 3. c4 Bg7 4. e4 Bg4 5. Be2 Nc6 6. d5 Bxf3 7. Bxf3 Nd4 8. Nc3 Nxf3+ 9. Qxf3 Nf6 10. O-O O-O 11. Bg5 c6 12. Rfe1 Nd7 13. Qh3 Ne5 14. b3 Qc8 15. Qe3 Re8 16. Rac1 Qc7 17. h3 Qa5 18. Qe2 Rac8 19. Bd2 Nd7 20. Rc2 a6 21. a4 Qd8 22. Ra2 e6 23. dxc6 bxc6 24. a5 Rb8 25. Rb1 c5 26. Na4 Bd4 27. Rc2 Rb7 28. Kh1 Qf6 29. f4 Reb8 30. Qf3 Qd8 31. Rcc1 Qc7 32. Rd1 Qc6 33. Qd3 Kf8 34. Rf1 Re8 35. Bc3 Bxc3 36. Nxc3 Reb8 37. Na4 Ke7 38. Rfd1 Qc7 39. Rb2 Rd8 40. Rbd2 Nb8 41. e5 d5 42. cxd5 Rxd5 43. Qc3 Rxd2 44. Rxd2 Rb4 45. Rd6 Rxf4 46. Nb6 Kf8 47. Qd2 Rf1+ 48. Kh2 Kg7 49. Nc4 Nc6 50. Ne3 Rf4 51. Nd5 exd5 52. Qxf4 f5 53. Qg5 Nxa5 54. Qf6+ Kh6 55. Re6 Qb8 56. Qh4+ Kg7 57. Re7+ 1-0

[Event "HUN Team Ch"]
[Site "HUN"]
[Date "1991.??.??"]
[Round "?"]
[White "Marosi, Gyorgy"]
[Black "Horvath, Csaba"]
[Result "1/2-1/2"]
[WhiteElo "2340"]
[BlackElo "2460"]
[PlyCount "90"]
[EventDate "1991.??.??"]
[Source "www.chesslib.no"]
[SourceDate "2004.05.04"]

1. Nf3 g6 2. c4 Bg7 3. e4 d6 4. d4 Bg4 5. Be2 Nc6 6. Nbd2 Nf6 7. d5 Nb8 8. e5 dxe5 9. Nxe5 Bxe2 10. Qxe2 O-O 11. O-O Qd6 12. Ndf3 e6 13. dxe6 Qxe6 14. Re1 Nc6 15. Nxc6 Qxc6 16. Bf4 Rfe8 17. Qc2 Nh5 18. Be3 Re4 19. Rac1 Rae8 20. b3 h6 21. Qd2 g5 22. Rcd1 f5 23. Qd5+ Qxd5 24. Rxd5 f4 25. Bd2 Rxe1+ 26. Nxe1 Nf6 27. Rd3 Kf7 28. Kf1 Ne4 29. Nc2 c6 30. Be1 Nc5 31. Rd1 Bf8 32. f3 Ne6 33. Rd7+ Re7 34. Rxe7+ Bxe7 35. Ke2 Kg6 36. Kd3 Nc5+ 37. Ke2 Ne6 38. Kd3 Nc5+ 39. Ke2 a6 40. Bf2 Nd7 41. Kd3 Kf5 42. Nd4+ Ke5 43. Nc2 Bc5 44. Be1 Bg1 45. Bc3+ Kf5 1/2-1/2

[Event "Dubai op"]
[Site "Dubai"]
[Date "2001.04.17"]
[Round "3"]
[White "Al Sayed, Mohamad Naser"]
[Black "Al Modiahki, Mohamad"]
[Result "0-1"]
[WhiteElo "2304"]
[BlackElo "2490"]
[PlyCount "94"]
[EventDate "2001.04.15"]
[Source "ChessBase"]
[SourceDate "2001.07.05"]

1. e4 g6 2. d4 Bg7 3. Nf3 d6 4. c4 Bg4 5. Nc3 Nc6 6. d5 Nd4 7. Be3 c5 8. dxc6 Nxc6 9. Rc1 Nf6 10. Be2 O-O 11. O-O Qa5 12. h3 Bxf3 13. Bxf3 Rfc8 14. Be2 Nd7 15. a3 a6 16. Bg4 Nce5 17. Bxd7 Nxd7 18. Nd5 Qd8 19. Bg5 f6 20. Be3 e6 21. Nf4 Qe7 22. b4 Rc6 23. Qb3 Rac8 24. c5 dxc5 25. bxc5 Nxc5 26. Bxc5 Rxc5 27. Rxc5 Qxc5 28. Qxe6+ Kh8 29. Nd5 Qc6 30. Qf7 Rf8 31. Qe7 Re8 32. Qf7 Rf8 33. Qe7 f5 34. Nb4 Qxe4 35. Re1 Qxe7 36. Rxe7 Rb8 37. Nd5 Kg8 38. g4 fxg4 39. hxg4 Rd8 40. Nf4 Rb8 41. Nd5 b5 42. Ra7 Bd4 43. Rxa6 Rf8 44. Ne3 Rf4 45. Ra8+ Kg7 46. Rb8 Bxe3 47. Rb7+ Rf7 0-1

[Event "Porz Open 26th"]
[Site "Porz GER"]
[Date "1991.??.??"]
[Round "6"]
[White "Koch, Thomas"]
[Black "Schneider, Bernd"]
[Result "0-1"]
[WhiteElo "2335"]
[BlackElo "2455"]
[PlyCount "79"]
[EventDate "1991.08.??"]
[Source "www.chesslib.no"]
[SourceDate "2004.05.04"]

1. d4 g6 2. e4 Bg7 3. c4 d6 4. Nf3 Bg4 5. Be2 Nc6 6. d5 Bxf3 7. Bxf3 Nd4 8. Nc3 c5 9. Be3 e5 10. O-O Ne7 11. Bg4 O-O 12. Bh3 f5 13. f3 a6 14. Qd3 Rb8 15. Rae1 Kh8 16. f4 b5 17. cxb5 axb5 18. fxe5 dxe5 19. exf5 c4 20. Qd2 Nexf5 21. Bg5 Qd6 22. Kh1 h6 23. Be3 b4 24. Nd1 Qa6 25. Bxf5 Nxf5 26. Rf3 e4 27. Rh3 c3 28. bxc3 bxc3 29. Nxc3 Nxe3 30. Qxe3 Rf1+ 31. Rxf1 Qxf1+ 32. Qg1 Rf8 33. Nd1 Bd4 34. Ne3 Qe2 35. d6 Kh7 36. d7 Qa6 37. Rg3 Qd6 38. d8=Q Qxd8 39. h3 Qb6 40. Qe1 0-1

[Event "Oberliga Sued W 9394"]
[Site "GER"]
[Date "1994.??.??"]
[Round "?"]
[White "Kolbus, Dietmar"]
[Black "Ott, Wolfgang"]
[Result "1-0"]
[WhiteElo "2365"]
[BlackElo "2425"]
[PlyCount "103"]
[EventDate "1993.10.??"]
[Source "www.chesslib.no"]
[SourceDate "2004.05.04"]

1. e4 g6 2. Nf3 Bg7 3. d4 d6 4. c4 Bg4 5. Be2 Nc6 6. d5 Bxf3 7. Bxf3 Nd4 8. O-O c5 9. Nc3 a6 10. Be2 Nf6 11. Bd3 Nd7 12. Ne2 Ne5 13. Nxd4 Nxd3 14. Qxd3 Bxd4 15. Bh6 Qd7 16. Rab1 e5 17. b4 f5 18. bxc5 Bxc5 19. Be3 Rc8 20. Bxc5 Rxc5 21. f4 exf4 22. exf5 O-O 23. fxg6 b5 24. cxb5 axb5 25. Rb4 Qa7 26. gxh7+ Kh8 27. Qd4+ Kxh7 28. Rxb5 Rc7 29. Qxa7 Rxa7 30. Rb4 f3 31. Rxf3 Rxf3 32. gxf3 Ra5 33. a4 Rxd5 34. Rg4 Rd2 35. h4 Kh6 36. Kf1 Ra2 37. Ke1 Kh5 38. Kd1 Rf2 39. Rf4 Kg6 40. Kc1 d5 41. Kb1 d4 42. Rxd4 Rxf3 43. Kb2 Kf5 44. a5 Ke5 45. Ra4 Rf7 46. a6 Ra7 47. h5 Ra8 48. a7 Ke6 49. Kb3 Kd6 50. h6 Kc6 51. h7 Kb7 52. Rb4+ 1-0

[Event "Balatonlelle"]
[Site "?"]
[Date "2006.07.13"]
[Round "2"]
[White "Bogner Sebastian"]
[Black "Boros Denes"]
[Result "0-1"]
[WhiteElo "2314"]
[BlackElo "2462"]
[PlyCount "144"]
[EventDate "2006.??.??"]
[Source "www.chesslib.no"]
[SourceDate "2004.05.04"]

1. Nf3 g6 2. c4 Bg7 3. e4 d6 4. d4 Bg4 5. Be2 Nc6 6. Be3 e5 7. d5 Bxf3 8. Bxf3 Nd4 9. Nc3 c5 10. dxc6 bxc6 11. O-O Ne7 12. b4 O-O 13. Be2 f5 14. f3 Qb6 15. Rb1 fxe4 16. Nxe4 Nef5 17. Bf2 Qc7 18. Bd3 Ne6 19. Re1 Rad8 20. Qa4 Nfd4 21. Kh1 d5 22. cxd5 cxd5 23. Rec1 Qf7 24. Nd2 Bh6 25. Qd1 Qf4 26. Nf1 Qf6 27. Ne3 Bg5 28. Ng4 Qg7 29. Be3 h5 30. Bxg5 Nxg5 31. Ne3 Nge6 32. b5 h4 33. h3 Nf4 34. b6 axb6 35. Rxb6 Nf5 36. Ng4 Kh8 37. Qc2 e4 38. fxe4 dxe4 39. Ba6 Qd4 40. Rb7 Ng3+ 41. Kh2 Qd2 42. Qxd2 Rxd2 43. Ne3 Ne6 44. Re7 Ng7 45. Rcc7 N3h5 46. Bc4 Rb2 47. Ng4 Rb1 48. Ne5 Kh7 49. Bf7 Ng3 50. Bxg6+ Kh6 51. Ng4+ Kg5 52. Re5+ Kxg6 53. Rc6+ Kh7 54. Rh6+ Kg8 55. Rxh4 Nf1+ 56. Kg1 Ng3+ 57. Kh2 Nf1+ 58. Kg1 Ne3+ 59. Kh2 Ngf5 60. Nh6+ Nxh6 61. Rxh6 Nf1+ 62. Kg1 Nd2+ 63. Kh2 Nf1+ 64. Kg1 Kg7 65. Rh4 Ng3+ 66. Kh2 Nf1+ 67. Kg1 e3 68. Rg4+ Kf6 69. Rf4+ Kxe5 70. Rxf8 Ng3+ 71. Kh2 e2 72. Re8+ Kf4 0-1

[Event "Rishon Le Ziyyon"]
[Site "Rishon Le Ziyyon"]
[Date "1991.??.??"]
[Round "?"]
[White "Bruk, Ofer"]
[Black "Webster, Andrew"]
[Result "1-0"]
[WhiteElo "2435"]
[BlackElo "2340"]
[PlyCount "113"]
[EventDate "1991.??.??"]
[Source "www.chesslib.no"]
[SourceDate "2004.05.04"]

1. Nf3 g6 2. c4 Bg7 3. d4 d6 4. e4 Bg4 5. Be2 Nc6 6. Be3 e5 7. d5 Nd4 8. Nxd4 exd4 9. Bxd4 Bxe2 10. Kxe2 Nf6 11. Nc3 O-O 12. Re1 c5 13. dxc6 bxc6 14. Kf1 Qa5 15. Rc1 Rfe8 16. f3 Re6 17. Qa4 Qc7 18. Nd5 Qb7 19. Qb4 Rb8 20. Qxb7 Rxb7 21. Nf4 Re8 22. Rcd1 Rc8 23. e5 dxe5 24. Bxe5 Ne8 25. Nd3 c5 26. b3 Bf6 27. Bxf6 Nxf6 28. Nb2 Kf8 29. Rd6 Nd7 30. Ra6 Nb8 31. Ra5 Rc6 32. Na4 Rbc7 33. Rd1 Nd7 34. Nc3 a6 35. Nd5 Rb7 36. Nf4 Ke7 37. Rd5 Rbc7 38. Nd3 f6 39. h4 Kd8 40. h5 Kc8 41. Nb2 Nb6 42. Rd1 Kb7 43. Nd3 Nd7 44. Nf4 Ne5 45. Rd8 Rc8 46. Rd2 R8c7 47. Nd5 Rf7 48. hxg6 hxg6 49. Re2 g5 50. Kf2 Ng6 51. Re4 Ne5 52. Kg3 Ng6 53. a3 Nh4 54. Kf2 Nf5 55. b4 Nd6 56. Re6 f5 57. b5 1-0

[Event "Oberliga NRW2 0102"]
[Site "?"]
[Date "2001.09.30"]
[Round "1.2"]
[White "Malykin Vitaly"]
[Black "Haub Thorsten-Michael"]
[Result "1/2-1/2"]
[WhiteElo "2408"]
[BlackElo "2359"]
[PlyCount "59"]
[EventDate "2001.??.??"]
[Source "www.chesslib.no"]
[SourceDate "2004.05.04"]

1. Nf3 g6 2. c4 Bg7 3. e4 d6 4. d4 Bg4 5. Be2 Nc6 6. Be3 Nf6 7. Nc3 O-O 8. d5 Bxf3 9. Bxf3 Na5 10. Be2 c5 11. O-O a6 12. Qc2 Rb8 13. f4 Qd7 14. a4 Ng4 15. Bxg4 Qxg4 16. b3 f5 17. e5 b6 18. e6 Qh4 19. Bd2 Qf6 20. Rab1 Rfc8 21. Ne2 Qf8 22. Bc3 Bxc3 23. Nxc3 Qf6 24. Rbd1 Kg7 25. Rd3 Kh8 26. h3 Rf8 27. Kh2 Qg7 28. Rdf3 Qf6 29. Rg1 Qg7 30. Rgf1 1/2-1/2

[Event "Komercni Banka op"]
[Site "?"]
[Date "1996.??.??"]
[Round "9"]
[White "Tolstikh Nikolay"]
[Black "Lipka Juraj"]
[Result "1/2-1/2"]
[WhiteElo "2420"]
[BlackElo "2340"]
[PlyCount "126"]
[EventDate "1996.??.??"]
[Source "www.chesslib.no"]
[SourceDate "2004.05.04"]

1. Nf3 g6 2. c4 Bg7 3. e4 d6 4. d4 Bg4 5. Be2 Nc6 6. Nbd2 Nf6 7. d5 Nb8 8. Rb1 O-O 9. O-O a5 10. h3 Bxf3 11. Bxf3 Na6 12. Re1 Nb4 13. Ra1 Nd3 14. Re3 Nxc1 15. Rxc1 Nd7 16. Rc2 Nc5 17. Nb3 Na6 18. Rce2 a4 19. Nd4 Nc5 20. Bg4 Ra6 21. h4 Rb6 22. g3 Qa8 23. Rc2 Qa5 24. Kg2 Na6 25. a3 Qc5 26. Rd3 Qa5 27. h5 c5 28. Nb5 Rxb5 29. cxb5 Qxb5 30. Qd2 c4 31. Rdc3 Bxc3 32. Qxc3 Qb3 33. Qxc4 Qxc4 34. Rxc4 Nc5 35. Bd1 Rc8 36. hxg6 hxg6 37. Be2 Kg7 38. f4 g5 39. Kf3 gxf4 40. gxf4 Rh8 41. Kg3 Rh1 42. Rb4 Re1 43. Kf3 Rh1 44. Kg3 Re1 45. Kf2 Rh1 46. Bf1 Rh2+ 47. Kg3 Rd2 48. Bb5 f5 49. exf5 Kf6 50. Kg4 Rg2+ 51. Kf3 Rh2 52. Bxa4 Nxa4 53. Rxa4 Rxb2 54. Re4 Rb5 55. Re6+ Kxf5 56. Rxe7 Rxd5 57. Rf7+ Ke6 58. Rxb7 Rd3+ 59. Kg4 Rxa3 60. Rh7 Ra5 61. Rh6+ Ke7 62. f5 Ra1 63. Re6+ Kf7 1/2-1/2

[Event "Budapest"]
[Site "Budapest"]
[Date "1987.??.??"]
[Round "5"]
[White "Marosi, Gyorgy"]
[Black "Zysk, Robert"]
[Result "1-0"]
[WhiteElo "2330"]
[BlackElo "2425"]
[PlyCount "121"]
[EventDate "1987.05.??"]
[Source "www.chesslib.no"]
[SourceDate "2004.05.04"]

1. Nf3 g6 2. c4 Bg7 3. e4 d6 4. d4 Bg4 5. Be2 Nc6 6. Be3 e5 7. d5 Bxf3 8. Bxf3 Nd4 9. Qa4+ Qd7 10. Qxd7+ Kxd7 11. Bd1 c5 12. Nc3 a6 13. a4 f5 14. a5 Nf6 15. f3 h5 16. h4 Bh6 17. Bxh6 Rxh6 18. Rb1 Kc7 19. b4 Nd7 20. Na4 cxb4 21. Rxb4 Rf8 22. O-O fxe4 23. fxe4 Rxf1+ 24. Kxf1 Rh7 25. Rb2 Nf6 26. Bf3 Rf7 27. Kg1 Nd7 28. Kf2 Rf4 29. Kg3 Rf8 30. Kf2 Rb8 31. Bd1 Rc8 32. Ke3 Rg8 33. Rf2 Rg7 34. Rf1 Kd8 35. Rf2 Kc7 36. Rf1 Kd8 37. Rf2 g5 38. hxg5 Rxg5 39. Rb2 Kc7 40. Rf2 Rg3+ 41. Kd2 h4 42. Rf7 Rxg2+ 43. Kc1 Kd8 44. Rh7 Rg1 45. Kd2 Rg2+ 46. Kc1 Ra2 47. Rh8+ Kc7 48. Rh7 Kd8 49. Rh8+ Kc7 50. Rh7 Ne2+ 51. Bxe2 Rxa4 52. Bg4 Rxc4+ 53. Kb2 Rxe4 54. Rxd7+ Kb8 55. Be6 Re2+ 56. Kc1 Rh2 57. Rxd6 h3 58. Rd8+ Kc7 59. Rd7+ Kb8 60. d6 Rh1+ 61. Kc2 1-0